[Event "Sofia MGU rap 3rd"]
[Site "Sofia"]
[Date "2017.03.26"]
[Round "6"]
[White "Karaivanova, Petya F"]
[Black "Vassilev, Vladimir"]
[Result "1-0"]
[WhiteElo "1450"]
[BlackElo "1389"]
[PlyCount "71"]
[EventDate "2017.03.26"]
[EventType "swiss (rapid)"]
[EventRounds "6"]
[EventCountry "BUL"]
[SourceTitle "CBM 177 Extra"]
[Source "ChessBase"]
[SourceDate "2017.04.27"]
[SourceVersion "1"]
[SourceVersionDate "2017.04.27"]
[SourceQuality "1"]

1. e4 e5 2. Nf3 Nc6 3. Bc4 Be7 4. d3 Nf6 5. 0-0 Nd4 6. Nxe5 d5 7. exd5 Nxd5 8. c3 Ne6 9. Nxf7 Kxf7 10. Qh5+ g6 11. Qxd5 Bd7 12. Re1 c6 13. Qe4 Kg7 14. Bxe6 Bd6 15. Qd4+ Qf6 16. Bh6+ Kxh6 17. Qxf6 Bxe6 18. Qh4+ Kg7 19. Rxe6 Rae8 20. Rxe8 Rxe8 21. Nd2 Re2 22. Ne4 Bf8 23. Qf6+ Kg8 24. Ng5 Re7 25. Ne4 Rf7 26. Qe6 Kg7 27. Ng5 Rf6 28. Qd7+ Kh6 29. Nf7+ Kg7 30. Ne5+ Kg8 31. Qxb7 Bc5 32. d4 Bd6 33. Ng4 Rf4 34. Nh6+ Kf8 35. Re1 Rh4 36. Qf7# 1-0